Mortgage Remedies (Record no. 65172)
[ view plain ]
| 000 -LEADER | |
|---|---|
| fixed length control field | 01028cam a2200181 4500 |
| 001 - CONTROL NUMBER | |
| control field | x109153 |
| 008 - FIXED-LENGTH DATA ELEMENTS--GENERAL INFORMATION | |
| fixed length control field | 000000n2000 000 0 eng u |
| 035 ## - SYSTEM CONTROL NUMBER | |
| System control number | (Sirsi) u109153 |
| 245 ## - TITLE STATEMENT | |
| Title | Mortgage Remedies |
| 260 ## - PUBLICATION, DISTRIBUTION, ETC. | |
| Date of publication, distribution, etc. | 2000 |
| 490 ## - SERIES STATEMENT | |
| Series statement | Estates Gazette Case Summaries |
| Volume/sequential designation | [2000] EGCS 113 (28/10/00) |
| 520 ## - SUMMARY, ETC. | |
| Summary, etc. | "Alliance & Leicester plc v Slayford and another", CA 12 October 2000. Mortgagor falling into arrears and the mortgagee commenced proceedings. Mortgagor's wife successfully defended possession proceedings on the ground of undue influence. The mortgagee successfully sought leave to amend its particulars of claim to seek a monetary judgment in respect of the arrears owed by the mortgagor, who then applied for the amendment to be struck out as an abuse of processs. The judge struck out the amendment and the mortgagee appealed. Appeal allowed. |
| 650 ## - SUBJECT ADDED ENTRY--TOPICAL TERM | |
| Topical term or geographic name entry element | ALLIANCE AND LEICESTER PLC V SLAYFORD AND ANOTHER |
| 650 ## - SUBJECT ADDED ENTRY--TOPICAL TERM | |
| Topical term or geographic name entry element | MORTGAGE ARREARS |
| 650 ## - SUBJECT ADDED ENTRY--TOPICAL TERM | |
| Topical term or geographic name entry element | POSSESSION PROCEEDINGS |
| 690 ## - LOCAL SUBJECT ADDED ENTRY--TOPICAL TERM (OCLC, RLIN) | |
| Topical term or geographic name as entry element | LAW |
| 942 ## - ADDED ENTRY ELEMENTS (KOHA) | |
| Suppress in OPAC | 0 |
| Withdrawn status | Lost status | Source of classification or shelving scheme | Damaged status | Not for loan | Home library | Current library | Shelving location | Date acquired | Total Checkouts | Full call number | Barcode | Date last seen | Copy number | Price effective from | Koha item type |
|---|---|---|---|---|---|---|---|---|---|---|---|---|---|---|---|
| Dewey Decimal Classification | London | London | News article | 03/11/2000 | X109153 | 109153-1001 | 06/08/2019 | 1 | 06/08/2019 | Law report |